The story of patriarchs and prophets; (Record no. 6430)
[ view plain ]
| 000 -LEADER | |
|---|---|
| fixed length control field | 00559cam a2200169u 4500 |
| 001 - CONTROL NUMBER | |
| control field | 9347787 |
| 005 - DATE AND TIME OF LATEST TRANSACTION | |
| control field | 20250612132828.0 |
| 008 - FIXED-LENGTH DATA ELEMENTS--GENERAL INFORMATION | |
| fixed length control field | 831123s1958 dcua 000 0 eng |
| 050 00 - LIBRARY OF CONGRESS CALL NUMBER | |
| Classification number | BX6111 |
| Item number | .W599 1958 |
| 100 1# - MAIN ENTRY--PERSONAL NAME | |
| Personal name | White, Ellen G., |
| Dates associated with a name | 1827-1915. |
| 245 14 - TITLE STATEMENT | |
| Title | The story of patriarchs and prophets; |
| Statement of responsibility, etc. | the conflict of the ages illustrated in the lives of holy men of old. |
| 260 ## - PUBLICATION, DISTRIBUTION, ETC. | |
| Place of publication, distribution, etc. | Washington, |
| Name of publisher, distributor, etc. | Review and Herald Pub. Association, |
| Date of publication, distribution, etc. | 1958. |
| 300 ## - PHYSICAL DESCRIPTION | |
| Extent | 832 p. |
| Other physical details | illus. |
| Dimensions | 23 cm. |
| 650 #0 - SUBJECT ADDED ENTRY--TOPICAL TERM | |
| Topical term or geographic name entry element | Patriarchs (Bible) |
| 650 #0 - SUBJECT ADDED ENTRY--TOPICAL TERM | |
| Topical term or geographic name entry element | Prophets. |
| 942 ## - ADDED ENTRY ELEMENTS (KOHA) | |
| Source of classification or shelving scheme | Library of Congress Classification |
| Koha item type | Books |
| Suppress in OPAC | No |
| 999 ## - | |
| -- | 6430 |
| -- | 6430 |
| Withdrawn status | Lost status | Source of classification or shelving scheme | Damaged status | Not for loan | Collection | Home library | Current library | Shelving location | Date acquired | Total checkouts | Full call number | Barcode | Date last seen | Copy number | Price effective from | Koha item type |
|---|---|---|---|---|---|---|---|---|---|---|---|---|---|---|---|---|
| Library of Congress Classification | Non-fiction | Undergraduate Library (Christ Temple) | Undergraduate Library (Christ Temple) | General stacks | 06/12/2025 | BS573 WHI | ulct00003226 | 06/12/2025 | 1 | 06/12/2025 | Books |